Fundamentals of futures and options markets (Record no. 173949)
[ view plain ]
| 000 -LEADER | |
|---|---|
| fixed length control field | 00438nam a2200169Ia 4500 |
| 008 - FIXED-LENGTH DATA ELEMENTS--GENERAL INFORMATION | |
| fixed length control field | 231217s9999 xx 000 0 und d |
| 041 ## - LANGUAGE CODE | |
| Language code of text/sound track or separate title | English |
| 082 ## - DEWEY DECIMAL CLASSIFICATION NUMBER | |
| Classification number | 332.6453 HUL;1 R |
| 100 ## - MAIN ENTRY--PERSONAL NAME | |
| Personal name | Hull, John C |
| 245 #0 - TITLE STATEMENT | |
| Title | Fundamentals of futures and options markets |
| 250 ## - EDITION STATEMENT | |
| Edition statement | 4th ed. |
| 260 ## - PUBLICATION, DISTRIBUTION, ETC. | |
| Date of publication, distribution, etc. | 2002 |
| Name of publisher, distributor, etc. | Pearson Education (Singapore) |
| Place of publication, distribution, etc. | Delhi |
| 300 ## - PHYSICAL DESCRIPTION | |
| Extent | xix+491 |
| 300 ## - PHYSICAL DESCRIPTION | |
| Dimensions | FP399 |
| 650 ## - SUBJECT ADDED ENTRY--TOPICAL TERM | |
| Topical term or geographic name entry element | futures,markets |
| 942 ## - ADDED ENTRY ELEMENTS (KOHA) | |
| Koha item type | Books |
| Date last seen | Total checkouts | Full call number | Accession number | Cost, total (INR) price | Price effective from | Category | Lost status | Damaged status | Department | Withdrawn status | Home library | Current library | Shelving location | Entry date | Vendor | Cost, normal purchase price | Grants | Billnumber | Billdate | Currency symbol | Conversion rate | Discount | Old discount |
|---|---|---|---|---|---|---|---|---|---|---|---|---|---|---|---|---|---|---|---|---|---|---|---|
| 26/01/2024 | 332.6453 HUL;1 R | 32258 | 187.50 | 26/01/2024 | Books | Central Library | Central Library | Central Library | Central Library | 18/02/2005 | I K International | 250.00 | MBA | 1739 | 25/10/2007 | RS | 1 | 62.5 | 25 | ||||
| 26/01/2024 | 332.6453 HUL;2 R1 | 32259 | 187.50 | 26/01/2024 | Books | Central Library | Central Library | Central Library | Central Library | 18/02/2005 | I K International | 250.00 | MBA | 1739 | 25/10/2007 | RS | 1 | 62.5 | 25 | ||||
| 26/01/2024 | 332.6453 HUL;3 | 32260 | 187.50 | 26/01/2024 | Books | Central Library | Central Library | Central Library | Central Library | 18/02/2005 | I K International | 250.00 | MBA | 1739 | 12/11/2007 | RS | 1 | 62.5 | 25 | ||||
| 26/01/2024 | 332.6453 HUL;4 | 32261 | 187.50 | 26/01/2024 | Books | Central Library | Central Library | Central Library | Central Library | 18/02/2005 | I K International | 250.00 | MBA | 1739 | 27/10/2007 | RS | 1 | 62.5 | 25 | ||||
| 26/01/2024 | 332.6453 HUL;5 | 32262 | 187.50 | 26/01/2024 | Books | Central Library | Central Library | Central Library | Central Library | 18/02/2005 | I K International | 250.00 | MBA | 1739 | 27/10/2007 | RS | 1 | 62.5 | 25 |
